Pick a Country That... Quiz Stats

 Plays Quiz Updated Nov 25, 2017

Challenge
Share
Tweet
Score 0/18 Timer 06:00
0 Plays Today
% Correct
One of smallest ten countries by area
84.5%
Borders Caribbean Sea
81.7%
In G7 group
75.4%
Himalayas country
74.9%
Volga river country
71.6%
Borders a Z country
69.4%
No land borders
69.2%
Population > 50% Buddhist
66.2%
Lies on the Equator
62.4%
% Correct
Blue Nile country
62.1%
4-letter capital name
61.8%
Territory includes the Åland Islands
61.1%
Official language Spanish
56.8%
Most indigenous languages
55.2%
Doubly landlocked
54.7%
One of bottom ten countries for annual rainfall
54.7%
Borders the world's lowest lake
46.6%
Capital city starts with F
44.4%

You're not logged in!

Compare scores with friends on all Sporcle quizzes.
OR
Log In

You Might Also Like...

Show Comments

Extras

Top Quizzes Today


Score Distribution

Your Account Isn't Verified!

In order to create a playlist on Sporcle, you need to verify the email address you used during registration. Go to your Sporcle Settings to finish the process.

Report this User

Report this user for behavior that violates our Community Guidelines.

Details: